<?xml version="1.0" encoding="UTF-8"?><?xml-stylesheet type="text/xsl" href="static/style.xsl"?><OAI-PMH xmlns="http://www.openarchives.org/OAI/2.0/" xmlns:xsi="http://www.w3.org/2001/XMLSchema-instance" xsi:schemaLocation="http://www.openarchives.org/OAI/2.0/ http://www.openarchives.org/OAI/2.0/OAI-PMH.xsd"><responseDate>2026-04-13T02:26:30Z</responseDate><request verb="GetRecord" identifier="oai:www.recercat.cat:2099.1/17774" metadataPrefix="marc">https://recercat.cat/oai/request</request><GetRecord><record><header><identifier>oai:recercat.cat:2099.1/17774</identifier><datestamp>2025-07-17T15:54:52Z</datestamp><setSpec>com_2072_1033</setSpec><setSpec>col_2072_452951</setSpec></header><metadata><record xmlns="http://www.loc.gov/MARC21/slim" xmlns:dcterms="http://purl.org/dc/terms/" xmlns:xsi="http://www.w3.org/2001/XMLSchema-instance" xmlns:doc="http://www.lyncode.com/xoai" xsi:schemaLocation="http://www.loc.gov/MARC21/slim http://www.loc.gov/standards/marcxml/schema/MARC21slim.xsd">
   <leader>00925njm 22002777a 4500</leader>
   <datafield ind2=" " ind1=" " tag="042">
      <subfield code="a">dc</subfield>
   </datafield>
   <datafield ind2=" " ind1=" " tag="720">
      <subfield code="a">Alonso Quintans, David</subfield>
      <subfield code="e">author</subfield>
   </datafield>
   <datafield ind2=" " ind1=" " tag="260">
      <subfield code="c">2011</subfield>
   </datafield>
   <datafield ind2=" " ind1=" " tag="520">
      <subfield code="a">Dans ce travail, nous nous intéressons à l’absorption du CO2 gazeux par absorption chimique dans une solution aqueuse contenant une amine. Ce type d’absorption est réalisée dans les procédés de capture de CO2 en postcombustion. Le choix adéquat du type d’amine utilisée ainsi qu’une bonne caractérisation de ses propriétés d’absorption peut permettre de réduire les coûts de fonctionnement ou d’améliorer les rendements de tels procédés.&#xd;
L’objectif de ce travail est de caractériser expérimentalement la cinétique d’absorption du CO2 gazeux dans un solvant à base d’amine : la N-hydroxiethylpiperazine (HEP). Cette étude est réalisée par utilisation de l’interférométrie de Mach-Zehnder. Cette technique permet de mesurer avec précision les variations d’indice de réfraction de la solution induites par l’absorption de CO2 et corrélées à la quantité de CO2 absorbée. Plusieurs séries d’expériences pour différentes concentrations en HEP et CO2 initialement absorbé sont réalisées.&#xd;
Une expression phénoménologique est également proposée pour modéliser les phénomènes contrôlant le taux d’absorption de CO2 au cours du temps. Les paramètres de ce modèle sont alors estimés à l’aide des résultats expérimentaux, permettant d’établir un lien entre le temps de contact gaz-liquide et le taux de transfert.</subfield>
   </datafield>
   <datafield ind2=" " ind1=" " tag="520">
      <subfield code="a">Outgoing</subfield>
   </datafield>
   <datafield tag="653" ind2=" " ind1=" ">
      <subfield code="a">Àrees temàtiques de la UPC::Enginyeria química::Química orgànica</subfield>
   </datafield>
   <datafield tag="653" ind2=" " ind1=" ">
      <subfield code="a">Carbon dioxide -- Absorption and adsorption</subfield>
   </datafield>
   <datafield tag="653" ind2=" " ind1=" ">
      <subfield code="a">Amines</subfield>
   </datafield>
   <datafield tag="653" ind2=" " ind1=" ">
      <subfield code="a">Interferometry</subfield>
   </datafield>
   <datafield tag="653" ind2=" " ind1=" ">
      <subfield code="a">Anhídrid carbònic Absorció i adsorció</subfield>
   </datafield>
   <datafield tag="653" ind2=" " ind1=" ">
      <subfield code="a">Amines</subfield>
   </datafield>
   <datafield tag="653" ind2=" " ind1=" ">
      <subfield code="a">Interferometria</subfield>
   </datafield>
   <datafield ind2="0" ind1="0" tag="245">
      <subfield code="a">Etude par interférométrie Mach-Zehnder de la cinétique d’absorption du CO2 gazeux dans une solution d’amine industrielle</subfield>
   </datafield>
</record></metadata></record></GetRecord></OAI-PMH>